LEADER 01317nam2-2200385---450 001 990003112770203316 005 20200708115745.0 010 $a88-14-13725-0 035 $a000311275 035 $aUSA01000311275 035 $a(ALEPH)000311277USA01 035 $a000311275 100 $a20080529d2008----km-y0itay50------ba 101 $aita 102 $aIT 105 $a||||||||001yy 200 1 $a<<2.:>> <>organizzazione; La programmazione; I soggetti ammessi alle procedure di affidamento$fdiretto da Maria Alessandra Sandulli, Rosanna De Nictolis, Roberto Garofoli 210 $aMilano$cGiuffré$d2008 215 $aP. 740-1638$d224 cm 461 1$1001000311267$12001$aTrattato sui contratti pubblici 606 0 $aContratti pubblici$2BNCF 676 $a346.45023 702 1$aSANDULLI,$bMaria ALESSANDRA 702 1$aDE NICTOLIS,$bRosanna 702 1$aGAROFOLI,$bRoberto 801 0$aIT$bsalbc$gISBD 912 $a990003112770203316 951 $aIG V 1373/2$b58687 G.$cIG V$d00210940 959 $aBK 969 $aGIU 979 $aCHIARA$b90$c20080529$lUSA01$h1534 979 $aCHIARA$b90$c20080529$lUSA01$h1538 979 $aCHIARA$b90$c20080529$lUSA01$h1546 996 $aOrganizzazione. La programmazione. I soggetti ammessi alle procedure di affidamento$9808413 997 $aUNISA LEADER 01037nam--2200361---450 001 990001981800203316 005 20200721055027.0 010 $a3-422-06354-4 035 $a000198180 035 $aUSA01000198180 035 $a(ALEPH)000198180USA01 035 $a000198180 100 $a20040906d2001----km-y0itay0103----ba 101 $ager 102 $aDE 105 $a||||||||001yy 200 1 $aFederico da Montefeltro$eKriegsherr, Friedensfürst und Förderer der Künste$fJan Lauts e Irmlind Luise Herzner 210 $aBerlin$cMüncher$d2001 215 $a454 p.$c1 ritr.$cill.$d25 cm 410 0$12001 454 1$12001 461 1$1001-------$12001 600 0 $aMontefeltro,$bFederico da 676 $a945.677 700 1$aLAUTS,$bJan$0210087 701 1$aHERZNER,$bIrmlind Luise$0565936 801 0$aIT$bsalbc$gISBD 912 $a990001981800203316 951 $aXVII A.A. 1980$b6860 DLAS$cXVII A.A.$d00157227 959 $aBK 969 $aCAS 996 $aFederico da Montefeltro$91047109 997 $aUNISA